Определение на основе теоремы Телледжена угла сдвига фаз между несинусоидальными сигналами, представленными массивами мгновенных значений; Современные техника и технологии; Т. 1

Xehetasun bibliografikoak
Parent link:Современные техника и технологии: 13-я Международная научно-практическая конференция студентов, аспирантов и молодых ученых, г. Томск, 26-30 марта 2007 г./ Томский политехнический университет (ТПУ).— , 2007
Т. 1.— 2007.— С. 180-182
Egile nagusia: Кац И. М. Илья Маркович
Hizkuntza:errusiera
Argitaratua: 2007
Gaiak:
Formatua: Liburu kapitulua
KOHA link:https://koha.lib.tpu.ru/cgi-bin/koha/opac-detail.pl?biblionumber=218651

MARC

LEADER 00000naa2a2200000 4500
001 218651
005 20240112161440.0
035 |a (RuTPU)RU\TPU\book\238681 
090 |a 218651 
100 |a 20120624d2007 k y0rusy50 ca 
101 0 |a rus 
102 |a RU 
200 1 |a Определение на основе теоремы Телледжена угла сдвига фаз между несинусоидальными сигналами, представленными массивами мгновенных значений  |f И. М. Кац 
320 |a Библиогр.: 6 назв. 
461 0 |0 (RuTPU)RU\TPU\book\136926  |t Современные техника и технологии  |o 13-я Международная научно-практическая конференция студентов, аспирантов и молодых ученых, г. Томск, 26-30 марта 2007 г.  |o труды в 3 т.  |f Томский политехнический университет (ТПУ)  |d 2007 
463 0 |0 (RuTPU)RU\TPU\book\168908  |t Т. 1  |v С. 180-182  |d 2007  |p 547 с. 
610 1 |a теорема Телледжена 
610 1 |a сигналы 
610 1 |a сдвиги 
610 1 |a несинусоидальные сигналы 
610 1 |a мгновенные значения 
610 1 |a уравнения 
610 1 |a фазы 
610 1 |a труды учёных ТПУ 
700 1 |a Кац  |b И. М.  |c специалист в области электроэнергетики  |c доцент Томского политехнического университета, кандидат технических наук   |f 1983-  |g Илья Маркович  |3 (RuTPU)RU\TPU\pers\31647  |9 15784 
801 1 |a RU  |b 63413507  |c 20120624 
801 2 |a RU  |b 63413507  |c 20150918  |g RCR 
942 |c BK